| 000 | 00347nam a2200145Ia 4500 | ||
|---|---|---|---|
| 008 | 150201s2005 xx 000 0 und d | ||
| 082 |
_a100 _bM2005S |
||
| 100 | _aSWAMI RAM | ||
| 245 | _aMEDIATION & ITS PRACTICE | ||
| 250 | _a1ST | ||
| 260 |
_bFUSION BOOKS _aNEW DELHI _c2005 |
||
| 300 | _a1-112 | ||
| 650 | _aGENERAL DENTISTRY | ||
| 942 |
_2ddc _cBK |
||
| 999 |
_c3624 _d3624 |
||